000 00283nam a2200109Ia 4500
008 220216s9999 xx 000 0 und d
245 0 _aRubber Board of India an outstanding success
260 _bIndian Rubber Journal
_c2008
300 _a16-21
650 _aRubber Board
942 _cJS
999 _c67487
_d67487